000
00445nam a2200145Ia 4500
008
100122s9999 xx 000 0 und d
082
_b
55449
_a
823.08
100
_a
नेरकर हेमांगी
245
_a
वळता पाऊस
260
_b
चिंतामणी साहित्य सहयोग
_c
1998
300
_a
96
630
_a
वळता पाऊस
730
_a
वळता पाऊस
942
_c
BOOK
999
_c
432091
_d
432088